Mestotvorné ambície pár krokov od dopravnej tepny mesta

Bibliographic Details
Main Author: Hakelová, Lucia (architektka) (Author)
Format: Article
Language:Slovak
PhysicalDescription:Fotogr., obr.
ISSN:1335-1230
Subjects:

MARC

LEADER 00000nab a2200000 a 4500
001 vtls008827717
003 SK-MaSNL
005 20260426063127.0
008 140328c2006 xo zr|p|||||||000 b|slo
015 |a SNBRB2006/06  |2 snkbucl 
038 |a SNKBUCL 
040 |a SNKBUCL  |b slo  |c SNKBUCL  |e AACR2 
041 0 |a slo 
044 |a xo  |c SK 
080 |a 728.2  |x (437.6)  |2 2001 
080 |a 725.22  |x (437.6)  |2 2001 
100 1 |a Hakelová, Lucia  |c (architektka)  |4 aut  |9 165664 
245 1 0 |a Mestotvorné ambície pár krokov od dopravnej tepny mesta  |c Lucia Hakelová 
300 |b Fotogr., obr. 
500 |a Architekti: Martin Bišťan, Jozef Hyravý, Stanislav Šutvaj, Marián Švec 
610 2 7 |a Axton Residence (Bratislava, Slovensko)  |x architektúra  |2 snkbucl  |9 1284891 
650 0 7 |a bytové domy  |2 snkbucl  |9 31781 
650 0 7 |a polyfunkčné domy  |2 snkbucl  |9 764096 
651 7 |a Bajkalská ulica (Bratislava, Slovensko)  |2 snkbucl  |9 1284386 
651 7 |a Bratislava (Slovensko)  |2 snkbucl  |9 14568 
773 0 |t ASB  |g Roč. XIII, č. 6 (2006), s. 42-44  |x 1335-1230 
852 |a SNK  |b KIS3GCP 
958 |a SK 
999 |c 2552922  |d 2554852